Catálogo
 En Linea

Lecturas hispanas modernas / (Registro nro. 40931)

Detalles MARC
000 -CABECERA
campo de control de longitud fija 00412nam a2200145 a 4500
001 - NÚMERO DE CONTROL
campo de control 000041441
005 - FECHA Y HORA DE LA ÚLTIMA TRANSACCIÓN
campo de control 20201002034907.0
008 - DATOS DE LONGITUD FIJA--INFORMACIÓN GENERAL
campo de control de longitud fija 131004s1912 xxua 000 0 spa d
040 ## - FUENTE DE LA CATALOGACIÓN
Centro catalogador/agencia de origen DO-SdBNP
Lengua de catalogación spa
Centro/agencia transcriptor BNPHU
082 ## - NÚMERO DE LA CLASIFICACIÓN DECIMAL DEWEY
Número de clasificación xxxxx
Número de documento/Ítem xxxxx
100 1# - ENTRADA PRINCIPAL--NOMBRE DE PERSONA
Nombre de persona Elías, Alfredo
9 (RLIN) 68115
245 10 - MENCIÓN DE TÍTULO
Título Lecturas hispanas modernas /
Mención de responsabilidad, etc. Alfredo Elias.
260 ## - PUBLICACIÓN, DISTRIBUCIÓN, ETC.
Lugar de publicación, distribución, etc. Boston :
Nombre del editor, distribuidor, etc. D. C. Health,
Fecha de publicación, distribución, etc. 1912.
300 ## - DESCRIPCIÓN FÍSICA
Extensión 410 p. :
Otras características físicas il. ;
Dimensiones 19 cm.
Existencias
Estado de retiro Estado de pérdida Restricciones de uso No para préstamo Código de colección Localización permanente Ubicación/localización actual Ubicación en estantería Fecha de adquisición Número de inventario Total de préstamos Signatura topográfica completa Código de barras Fecha visto por última vez Precio válido a partir de Tipo de ítem Koha
      Excluido de préstamo Monografías: Libros y Folletos General General Depósito 04.10.2013 LF1   xxxxx xxxxx 41441-10 25.06.2020 25.06.2020 No se presta

Con tecnología Koha